000 00395nam a2200157Ia 4500
008 230917s9999||||xx |||||||||||||| ||und||
040 _e166102
_aMAIN
041 _aEnglish
082 _a658.4 K837M
100 _aKoontz, Harold
245 0 _aManagement: A global perspective
250 _a7th ed.
260 _aTokyo
_bMcGraw-Hill Kogakusha
_c1980
300 _axxiii, 832 p.
942 _cBK
999 _c217093
_d217093